[Event "Paris GCT 2018-Blitz"]
[Site "Paris"]
[Date "2018.06.23"]
[Round "9"]
[White "Aronian, Levon"]
[Black "Grischuk, Alexander"]
[Result "1/2-1/2"]
[WhiteElo "2764"]
[BlackElo "2766"]
[Annotator "TA"]
[PlyCount "76"]
[EventDate "2018.06.23"]
[EventType "tourn"]
[EventCountry "FRA"]
[SourceTitle "playchess.com"]
[Source "ChessBase"]
[SourceQuality "1"]

{[%evp 14,76,-8,-24,51,0,2,-6,14,16,6,16,34,27,55,27,29,31,95,56,65,27,35,38,54,53,57,0,4,-77,0,7,33,4,8,9,20,0,0,-21,-14,-20,-20,-20,-20,-15,-16,-8,-7,-39,-6,-6,-6,-6,-8,-25,-25,-31,-27,-31,-25,-26,-25,-25,0]} 1. e4 c5 2. Nf3 d6 3. c3 Nf6 4. Be2 e5 5. O-O Be7 6. Re1 {B50: Sicilian: 2...d6, Miscellaneous} (6. d4 exd4 7. cxd4 Nxe4 8. dxc5 Nxc5 9. Nc3 Nc6 10. Bf4 O-O 11. Nd5 Bf6 12. Nxf6+ Qxf6 13. Qxd6 Ne6 14. Be5 Nxe5 15. Qxe5 Qxe5 16. Nxe5 {½-½ (16) Verducci Silvelo,S (2518)-Hotting,A (2566) ICCF email 2004}) 6... O-O 7. d3 Nc6 8. Nbd2 {LiveBook: 4 Games. The position is equal.} b5 ({Black should try} 8... d5 $11) 9. Nf1 $146 (9. d4 $1 $14) ({Predecessor:} 9. Bf1 Qb6 10. a4 b4 11. Nc4 Qc7 12. d4 bxc3 13. bxc3 cxd4 14. cxd4 {1-0 (66) Mantler,H-Goebel,V Sauerland 2002}) 9... b4 10. Ng3 h6 11. d4 bxc3 12. bxc3 cxd4 13. cxd4 exd4 14. Nxd4 Nxd4 15. Qxd4 Ng4 (15... Be6 $14) 16. Qd1 (16. Rb1 {is more complex.} Re8 17. Rd1 Bd7 18. h3 Nf6 19. Be3) 16... Nf6 17. Be3 (17. Bf3 $5 {[%cal Re4e5]}) 17... Be6 18. Bf3 d5 19. e5 Nh7 20. Nh5 (20. Qd3 $14) 20... Ng5 21. Nf4 {[#]} (21. Bg4 $11 {keeps the balance.}) 21... Nxf3+ (21... Bb4 $1 $17 {[%cal Rb4e1]} 22. Rf1 Bc3) 22. Qxf3 $11 Qd7 23. Qg3 {next Nh5 is good for White.} Kh7 24. h3 Rac8 25. Rad1 Rc3 26. Nh5 {[%csl Gh5][%cal Rg3g7] [#]} Rg8 27. Qf4 Rc4 28. Rd4 Qa4 29. Nf6+ Bxf6 $1 30. exf6 g5 31. Rxc4 (31. Qe5 {seems wilder.} Qxa2 32. Rxc4 Qxc4 33. Bxa7 Rc8 34. Qb2) 31... Qxc4 (31... Qa5 {with more complications.} 32. Bd2 gxf4 33. Bxa5 dxc4 34. Kh2 Rc8) 32. Qxc4 dxc4 33. Bxa7 {[%mdl 4096] Endgame KRB-KRB} Ra8 34. Bd4 Rxa2 35. Re3 Kg6 36. g4 Ra6 37. f3 Rd6 38. Bc3 Rd3 {Precision: White = 37%, Black = 40%.} 1/2-1/2

[Event "Paris GCT 2018-Blitz"]
[Site "Paris"]
[Date "2018.06.23"]
[Round "9"]
[White "Anand, Viswanathan"]
[Black "So, Wesley"]
[Result "1/2-1/2"]
[WhiteElo "2759"]
[BlackElo "2778"]
[Annotator "TA"]
[PlyCount "55"]
[EventDate "2018.06.23"]
[EventType "tourn"]
[EventCountry "FRA"]
[SourceTitle "playchess.com"]
[Source "ChessBase"]
[SourceQuality "1"]

{[%evp 24,55,8,0,16,13,10,10,12,-6,-9,-13,-6,-11,0,0,0,0,0,0,5,7,6,7,11,15,16,8,14,0,0,0,18,0]} 1. e4 e5 2. Nf3 Nc6 3. Bb5 Nf6 4. O-O Nxe4 5. Re1 Nd6 6. Nxe5 Be7 7. Bf1 Nxe5 8. Rxe5 O-O 9. d4 Bf6 10. Re1 Re8 {C67: Ruy Lopez: Berlin Defence: 4 0-0 Nxe4} (10... Nf5 11. d5 Re8 12. Rxe8+ Qxe8 13. Qd3 d6 14. Nd2 Bg5 15. Nf3 Bxc1 16. Rxc1 Bd7 17. Re1 Qd8 18. Qc4 {1-0 (31) Carlsen,M (2843)-Aronian,L (2764) Stavanger 2018}) 11. Rxe8+ Nxe8 12. c3 d5 13. Bf4 {LiveBook: 15 Games. The position is equal.} g6 14. Nd2 Ng7 15. Nf3 c6 16. Be5 $146 ({Predecessor:} 16. h3 Bf5 17. Qd2 Qa5 18. g4 {0-1 (57) Moen,A (2330)-Arvola,B (2435) Stavanger 2017}) 16... Bg4 17. Bf4 Ne6 18. Be3 Bg5 19. h3 Bxf3 20. Qxf3 Bxe3 21. Qxe3 Qb6 22. Qd2 Re8 23. Re1 Qd8 24. Bd3 Nc7 25. Re3 Kg7 26. Qe2 Rxe3 27. Qxe3 Qe8 28. Qxe8 {Precision: White = 43%, Black = 46%.} 1/2-1/2

[Event "Paris GCT 2018-Blitz"]
[Site "Paris"]
[Date "2018.06.24"]
[Round "11"]
[White "Caruana, Fabiano"]
[Black "Vachier-Lagrave, Maxime"]
[Result "1/2-1/2"]
[WhiteElo "2816"]
[BlackElo "2789"]
[Annotator "TA"]
[PlyCount "161"]
[EventDate "2018.06.23"]
[EventType "tourn"]
[EventCountry "FRA"]
[SourceTitle "playchess.com"]
[Source "ChessBase"]
[SourceQuality "1"]

{[%evp 9,160,48,52,58,56,50,54,41,49,68,89,79,115,47,117,102,95,69,75,75,75,66,74,73,65,68,75,64,81,82,79,84,110,85,88,77,165,118,159,116,104,83,83,74,116,67,61,55,218,216,225,222,223,219,222,200,200,209,228,187,262,261,247,228,228,228,227,227,218,0,180,154,191,172,357,89,89,89,89,89,89,89,89,89,344,291,266,75,75,30,30,30,30,8,75,75,75,75,75,8,75,8,8,8,8,8,8,0,0,0,8,0,0,0,0,0,0,0,8,8,8,0,8,8,8,8,8,8,8,8,8,8,8,8,8,8,8,8,8,8,8,8,8,8,8,8,8,8,8,8,8,0,0]} 1. d4 Nf6 2. Bf4 b5 3. e3 Bb7 4. Nf3 a6 5. c4 bxc4 6. Bxc4 {A46: 1 d4 Nf6 2 Nf3 e6: Torre, London and Colle Systems} e6 7. Nc3 (7. Qb3 Ra7 8. Nc3 Nc6 9. Be2 Nb4 10. O-O Be7 11. Bg3 {1-0 (37) Gulamali,K (2397)-Ardaman,M (2398) Hendersonville 2007}) 7... d5 8. Bd3 {White is slightly better.} Nbd7 9. O-O Be7 10. Na4 $146 ({Predecessor:} 10. Rc1 Nh5 11. Ne2 Nxf4 12. Nxf4 Nf6 13. Qa4+ {1-0 (36) Sanchez Quiles,B (1915)-Garcia Gonzalez,G (1820) Terrassa 1996}) 10... c5 11. Nxc5 (11. Qb3 $16 Ra7 12. dxc5) 11... Nxc5 (11... Bxc5 $14 12. dxc5 Nxc5) 12. dxc5 $16 Bxc5 13. Rc1 Bd6 14. Qa4+ Qd7 15. Qxd7+ Kxd7 16. Ne5+ Bxe5 17. Bxe5 Rhc8 18. f3 Ne8 19. Bxh7 g6 20. h4 $1 Nd6 21. h5 gxh5 22. Kf2 Nc4 (22... f5 $16) 23. Bc3 Rc7 24. b3 Nd6 25. Be5 Rxc1 26. Rxc1 a5 27. Rh1 a4 $1 28. Rxh5 a3 $2 ({Black should play} 28... axb3 $14 29. axb3 Ra2+ 30. Kg3 Ra3) 29. Rh4 Bc6 30. Bd3 Bb5 31. Ke2 Rc8 {...Rc2+ is the strong threat.} 32. Bxb5+ Nxb5 $18 {[%mdl 4096] Endgame KRB-KRN} 33. Kd2 Rg8 34. Rg4 Rxg4 (34... Re8 {might work better.} 35. Rf4 Ke7) 35. fxg4 {KB-KN} Kc6 36. Kd3 Kc5 37. Bg7 Kd6 38. Bf8+ Kc6 39. Bg7 Kd6 $1 40. e4 e5 41. Bf8+ Ke6 $2 (41... Kc6 {was worth a try.} 42. exd5+ Kxd5) 42. exd5+ $2 (42. Bb4 $18 {is the precise move to win.}) 42... Kxd5 $16 43. Bb4 e4+ 44. Ke3 Nd4 {aiming for ...Nc2+.} 45. Bf8 Nb5 46. g5 Nc3 $2 {[%mdl 8192]} (46... Nd4 $16 {is a better defense.} 47. Kd2 Nb5) 47. Bxa3 $18 Nxa2 {[#] and the idea ...Nc3 leaves Black hopeful.} 48. Bf8 $2 (48. Kd2 $1 $18 {and the rest is easy.}) 48... Nc3 $16 49. b4 Nb5 $1 50. Bc5 Ke5 51. g4 Nc7 (51... Kd5 $11) 52. Bd4+ Kd5 53. Bf6 Nb5 {[#]} 54. Kf4 (54. Bb2 $1 $16) 54... Nd6 (54... Nd4 $11) 55. Be7 (55. Bb2 $16) 55... Nb5 $11 {The position is equal.} 56. Bc5 Nd4 57. Bb6 Ne6+ 58. Kf5 {Black must now prevent Kf6.} Nd4+ $1 59. Kf4 Ne6+ 60. Kf5 {And now Kf6 would win.} Nd4+ $1 61. Kf6 e3 62. b5 {[%cal Bb4b5,Bb5b6][%mdl 32]} e2 63. Ba5 Nf3 $132 {[%mdl 2048] Black is fighting back} 64. Kxf7 Nxg5+ 65. Kf6 Nh3 66. Kf5 Kc5 67. b6 {Strongly threatening b7.} Kc6 68. Ke5 Ng5 69. Kf4 Nf7 70. Ke3 e1=Q+ 71. Bxe1 {Threatens to win with Ba5.} Kxb6 72. Ke4 {Black should prevent Kd5.} Kc6 73. Bd2 Kd7 74. Kf5 Ke8 75. Kf6 Kf8 76. Bb4+ Kg8 77. Be7 Nh6 78. g5 Nf7 79. g6 Nh8 80. g7 Ng6 81. Kxg6 $2 {[%mdl 8192] Precision: White = 49%, Black = 55%.} (81. Bd6) 1/2-1/2

[Event "Paris GCT 2018-Blitz"]
[Site "Paris"]
[Date "2018.06.24"]
[Round "11"]
[White "Kramnik, Vladimir"]
[Black "Mamedyarov, Shakhriyar"]
[Result "0-1"]
[WhiteElo "2787"]
[BlackElo "2808"]
[Annotator "TA"]
[PlyCount "62"]
[EventDate "2018.06.23"]
[EventType "tourn"]
[EventCountry "FRA"]
[SourceTitle "playchess.com"]
[Source "ChessBase"]
[SourceQuality "1"]

{[%evp 13,62,23,37,25,18,32,32,0,-1,-28,27,28,31,28,19,20,20,35,33,27,45,39,67,38,67,15,16,12,12,15,20,10,166,150,166,150,175,178,125,77,99,13,15,5,11,0,7,-55,-59,-591,-589]} 1. e4 e5 2. Nf3 Nc6 3. Bb5 {[%cal Bf1b5,Bb5a4,Ba4b3][%mdl 32]} a6 4. Ba4 b5 5. Bb3 g6 (5... Na5 6. Bxf7+ Kxf7 7. Nxe5+ Ke7 8. d4 d6 9. Nd3 Kf7 10. O-O Bb7 11. Nc3 Nf6 12. e5 dxe5 13. dxe5 Nd5 14. Ne4 {½-½ (61) Vachier Lagrave,M (2789)-Vallejo Pons,F (2707) Riadh 2017}) 6. d4 {C70: Ruy Lopez: 3...a6 4 Ba4, Norwegian and Delayed Schliemann} exd4 7. Nxd4 Na5 {LiveBook: 5 Games} 8. O-O {Black should prevent Nxb5.White is slightly better.} Bg7 9. Re1 Ne7 10. e5 $146 ({Predecessor:} 10. Bg5 Nxb3 11. axb3 Bb7 12. Nc3 h6 {½-½ (34) Santos Latasa,J (2569)-Magem Badals,J (2543) Monzon 2016}) 10... O-O {Threatens to win with ...c5.} 11. Bg5 c5 (11... Bb7 $142 12. a4 c5 13. axb5 cxd4 14. Bxe7 Qxe7 15. Rxa5 axb5 16. Rxa8 Bxa8) 12. Bd5 $11 {Nf5 is the strong threat.} Rb8 13. Nb3 Nxb3 14. axb3 h6 15. Bh4 Rb6 16. Nc3 g5 17. Bg3 $36 {[%mdl 2048] White has some pressure.} Nf5 18. Ne4 Nxg3 19. hxg3 (19. Nxg3 $14 d6 20. e6 fxe6 21. Bxe6+ Kh8 22. Bxc8 Qxc8 23. c3) 19... Bxe5 20. c3 d6 21. Qh5 Bg7 22. Rad1 b4 $2 {[#]} (22... Qd7 $11 {and Black is okay.}) 23. f4 $1 $18 {[%cal Rf4g5]} gxf4 24. gxf4 {aiming for f5.} bxc3 25. bxc3 {Black must now prevent f5.} Qd7 26. Rd3 {[%mdl 1024] White has strong compensation.} Qf5 {[#]} 27. Qf3 (27. Rg3 $1 $16 {White threatens Qxh6 and mate.} Kh8 28. Rg5) 27... Be6 28. Ng3 Qg4 $1 {[%cal Rg4f3]} 29. Qe4 Re8 30. Nf5 ({Better is} 30. Rde3 $11) 30... Rbb8 $1 $15 31. Rg3 $2 {[%mdl 8192]} (31. Nxd6 $15 Bxd5 32. Qxe8+ Rxe8 33. Rxe8+ Kh7 34. Rxd5) 31... Qxf5 {Precision: White = 45%, Black = 61%.} 0-1

[Event "Paris GCT 2018-Blitz"]
[Site "Paris"]
[Date "2018.06.24"]
[Round "11"]
[White "So, Wesley"]
[Black "Aronian, Levon"]
[Result "1/2-1/2"]
[WhiteElo "2778"]
[BlackElo "2764"]
[Annotator "TA"]
[PlyCount "21"]
[EventDate "2018.06.23"]
[EventType "tourn"]
[EventCountry "FRA"]
[SourceTitle "playchess.com"]
[Source "ChessBase"]
[SourceQuality "1"]

{[%evp 20,21,23,0]} 1. d4 d5 2. c4 c6 3. cxd5 cxd5 4. Nc3 Nf6 5. Bf4 Nc6 6. Nf3 a6 7. Rc1 Nh5 $146 ({Vorgänger:} 7... Bf5 8. e3 Rc8 9. Be2 e6 10. O-O Nd7 11. Na4 Be7 12. h3 O-O 13. a3 Na5 14. Nc5 Nc4 15. b4 Nxc5 16. dxc5 Nxa3 {1-0 (44) So,W (2778)-Carlsen,M (2843) Stavanger 2018}) 8. Bd2 Nf6 9. Bf4 Nh5 10. Bd2 Nf6 11. Bf4 1/2-1/2

[Event "Paris GCT 2018-Blitz"]
[Site "Paris"]
[Date "2018.06.24"]
[Round "11"]
[White "Grischuk, Alexander"]
[Black "Karjakin, Sergey"]
[Result "1/2-1/2"]
[WhiteElo "2766"]
[BlackElo "2782"]
[Annotator "TA"]
[PlyCount "96"]
[EventDate "2018.06.23"]
[EventType "tourn"]
[EventCountry "FRA"]
[SourceTitle "playchess.com"]
[Source "ChessBase"]
[SourceQuality "1"]

{[%evp 22,96,0,0,0,0,0,0,0,0,0,0,0,-8,0,-23,66,56,68,77,70,69,69,69,80,68,293,95,209,72,69,26,82,78,95,47,54,0,90,75,98,55,98,77,75,75,73,72,159,128,263,264,257,243,274,274,274,274,274,274,274,274,274,274,274,177,274,274,274,219,274,35,35,35,35,8,8]} 1. d4 {CB} Nf6 2. c4 e6 3. Nf3 d5 4. Nc3 Be7 5. Bf4 O-O 6. e3 Nbd7 7. c5 Nh5 8. Be2 {D37: Queen's Gambit Declined: 5 Bf4} Nxf4 9. exf4 b6 10. b4 a5 11. a3 c6 12. O-O {LiveBook: 12 Games} axb4 13. axb4 Rxa1 14. Qxa1 Qc7 {[%cal Rb6c5]} 15. g3 bxc5 16. bxc5 {[#]} f6 $146 17. Re1 e5 18. Bd3 g5 (18... g6 $11) 19. Qb1 $14 (19. fxe5 fxe5 20. Qa2 (20. Nxe5 Nxe5 21. Rxe5 Bf6 $11) 20... Nxc5 $11) 19... Rf7 20. fxe5 fxe5 21. Nxe5 Nxe5 22. Rxe5 Bd7 23. Ne2 Bf6 $2 {[#]} (23... Qc8 $14) 24. Re3 $2 (24. Bxh7+ $1 $18 {[%mdl 512]} Kh8 (24... Rxh7 25. Qg6+) 25. Qg6) 24... Qc8 {[#]} (24... Be7 $16) 25. Bc2 (25. Bxh7+ $1 $18 {[%mdl 512]} Kh8 (25... Rxh7 26. Qg6+) 26. Bg6) 25... Qf8 $16 26. Qe1 Kg7 (26... Bg7 $11 {remains equal.}) 27. Qd2 Kg8 28. Nc1 Qg7 29. Ne2 Qf8 $1 30. Qd3 $36 {[%mdl 2048] White is in control.} Bg4 31. Nc1 {[%cal Be2c1,Bc1b3,Bb3d2][%mdl 32]} Re7 32. Nb3 (32. Kg2 {looks sharper.} Bd7 33. Rxe7 Qxe7 34. Qe3 Qg7 35. Ne2) 32... Qf7 33. Rxe7 Qxe7 34. Qe3 Bd7 ({Black should play} 34... Qd7) 35. Nd2 g4 (35... Kf8 $16) 36. Qxe7 $18 Bxe7 {[%mdl 4096] Endgame [#] KBB-KBN} 37. f4 $1 gxf3 38. Nxf3 Bf6 39. Kf2 h6 40. Ne5 Be8 41. h4 Kf8 42. Ke3 Ke7 43. Kf4 Kd8 (43... Bh8 {was worth a try.} 44. g4 Bg7) 44. Kf5 Ke7 45. Ba4 Bg7 46. Nxc6+ $2 (46. g4 $18) 46... Bxc6 $14 47. Bxc6 Bxd4 48. Kg6 Bxc5 {Precision: White = 50%, Black = 33%.} 1/2-1/2

[Event "Paris GCT 2018-Blitz"]
[Site "Paris"]
[Date "2018.06.24"]
[Round "11"]
[White "Anand, Viswanathan"]
[Black "Nakamura, Hikaru"]
[Result "0-1"]
[WhiteElo "2759"]
[BlackElo "2769"]
[Annotator "TA"]
[PlyCount "72"]
[EventDate "2018.06.23"]
[EventType "tourn"]
[EventCountry "FRA"]
[SourceTitle "playchess.com"]
[Source "ChessBase"]
[SourceQuality "1"]

{[%evp 16,72,41,32,38,16,29,25,36,19,29,30,24,4,52,12,2,0,-3,-7,0,0,0,0,0,-1,0,0,0,-120,-118,-108,-141,-212,-212,-229,-219,-205,-135,-350,-350,-350,-339,-342,-341,-327,-325,-334,-326,-387,-378,-395,-328,-387,-387,-380,-371,-414,-408]} 1. e4 d6 2. d4 g6 3. Nc3 Bg7 4. Nf3 Nf6 5. Be2 O-O 6. O-O Nc6 7. d5 Nb8 8. Re1 c6 9. h3 {LiveBook: 38 Partien} b6 {B08: Pirc-Ufimzew-Verteidigung} 10. Bf4 Bb7 11. Qd2 Nbd7 {[%cal Bb8d7,Bd7c5,Bc5d3][%mdl 32] Weiß hat minimalen Vorteil.} 12. a4 a6 13. dxc6 $146 ({Vorgänger:} 13. Rad1 cxd5 14. exd5 Rc8 15. Nd4 Rxc3 16. bxc3 Bxd5 17. Bf3 Bxf3 18. Nxf3 {0-1 (34) Van Mil,J (2422)-Piket,J (2632) Netherlands 2001}) 13... Bxc6 14. Bd3 e5 15. Bh6 Nc5 16. Bxg7 Kxg7 17. b4 Nxd3 18. cxd3 Re8 19. d4 Bb7 20. d5 Rc8 21. Qe3 Rc4 {...Dc7 ist eine echte Drohung.} 22. b5 (22. Nd2 $11 Rxb4 23. Reb1) 22... Qc7 $17 23. Rac1 Rc8 {[%cal Rc4c3]} 24. bxa6 (24. Ne2 $17 {ist eine bessere Verteidigung.}) 24... Bxa6 $19 {[%cal Rc4c3]} 25. Na2 Nxe4 26. Rxc4 Qxc4 27. Nxe5 $2 {[#]} (27. Qxb6 $17 {war einen Versuch wert.} Rc5 28. Qb1) 27... dxe5 ({Schwächer ist} 27... Qxa2 28. Nc6 $19) 28. Qxe4 Qxa2 29. Qxe5+ Kg8 30. Qd4 Qc4 31. Qxb6 Qxa4 32. d6 {beabsichtigt d7!} Bb5 33. Qb7 Rf8 34. Rc1 Bd7 {Schwarz steht auf Gewinn.} 35. Qd5 Qf4 36. Rc7 Be6 {Precision: Weiß = 38%, Schwarz = 67%.} 0-1

[Event "Paris GCT 2018-Blitz"]
[Site "Paris"]
[Date "2018.06.24"]
[Round "12"]
[White "Mamedyarov, Shakhriyar"]
[Black "So, Wesley"]
[Result "1/2-1/2"]
[WhiteElo "2808"]
[BlackElo "2778"]
[Annotator "TA"]
[PlyCount "95"]
[EventDate "2018.06.23"]
[EventType "tourn"]
[EventCountry "FRA"]
[SourceTitle "playchess.com"]
[Source "ChessBase"]
[SourceQuality "1"]

{[%evp 17,95,0,0,0,0,0,9,0,6,8,13,0,6,0,16,8,14,6,14,12,20,22,40,37,26,30,37,34,37,26,38,36,38,38,39,29,35,20,21,21,29,21,28,0,14,16,45,47,47,12,100,64,65,66,67,8,41,41,41,43,43,45,71,8,72,8,8,8,8,8,8,8,8,8,8,8,8,8,8,8]} 1. d4 Nf6 2. c4 e6 3. Nf3 d5 4. Nc3 c5 5. cxd5 cxd4 6. Nxd4 Nxd5 7. Bd2 Be7 8. e4 {A32: Symmetrical English: 2 Nf3 Nf6 3 d4 cxd4 4 Nxd4 e6} Nxc3 9. Bxc3 O-O {LiveBook: 3 Games} 10. Be2 Qb6 11. Qb3 Qxb3 12. Nxb3 Rd8 $146 ({Predecessor:} 12... Bd7 13. Rd1 Ba4 14. Rd3 Nd7 15. Rg3 g6 {½-½ (28) Nikolic,P (2669)-Ernst,S (2581) Netherlands 2009}) 13. f3 b6 (13... Nc6 {is interesting.} 14. Kf2 Bd7 15. Rhd1 Be8 16. a3 b6) 14. Rd1 Rxd1+ 15. Kxd1 Ba6 16. a3 Kf8 17. Nd4 Bf6 18. h4 h5 (18... Bb7 {looks sharper.} 19. Kc2 a6 20. Nb3 Nd7 21. Bxf6 Nxf6 22. Kd2 Rc8) 19. e5 Bxe5 {[#]} 20. Nxe6+ $1 {[%mdl 512]} fxe6 21. Bxe5 Bxe2+ 22. Kxe2 $11 {[%mdl 4096] Endgame KRB-KRN} Nc6 23. Bc3 Rd8 24. g4 Kf7 25. gxh5 Nd4+ 26. Kf2 Nf5 27. Rg1 Rh8 28. Rg5 Rh7 29. a4 Nxh4 30. Ke3 Nf5+ 31. Kd3 Rh8 32. Kc4 a6 33. Kb3 b5 (33... Rd8 $11 {remains equal.}) 34. axb5 Rb8 35. Rg4 Rxb5+ 36. Rb4 (36. Ka4 $14) 36... Ng3 37. Rxb5 axb5 $14 {KB-KN} 38. Kb4 Nxh5 39. Kxb5 Nf4 40. Kc6 (40. Kc4 $16) 40... Nd5 (40... Nd3 $1 $11) 41. Bd2 (41. Kc5 $16) 41... Kf6 $11 {The position is equal.} 42. b4 (42. Kd6 {keeps more tension.} g5 43. b3 Kf5 44. Kc6 Kg6 45. Be1) 42... Nxb4+ 43. Bxb4 {KB-KPP} Kf5 44. Bd6 g5 45. Bg3 e5 46. Kd5 g4 47. fxg4+ Kxg4 48. Bxe5 {Precision: White = 55%, Black = 41%.} 1/2-1/2

[Event "Paris GCT 2018-Blitz"]
[Site "Paris"]
[Date "2018.06.24"]
[Round "12"]
[White "Vachier-Lagrave, Maxime"]
[Black "Anand, Viswanathan"]
[Result "1/2-1/2"]
[WhiteElo "2789"]
[BlackElo "2759"]
[Annotator "TA"]
[PlyCount "114"]
[EventDate "2018.06.23"]
[EventType "tourn"]
[EventCountry "FRA"]
[SourceTitle "playchess.com"]
[Source "ChessBase"]
[SourceQuality "1"]

{[%evp 18,114,-47,-58,-57,-59,-52,-65,-60,-65,-52,-76,-38,-84,-69,-73,-86,-72,-86,-94,-9,-12,-9,-12,0,0,58,26,101,58,264,248,152,0,0,-74,-70,-91,-91,-102,-102,-100,-99,-99,-96,-102,-91,-91,-79,-102,-102,-100,0,-95,-95,-133,-133,-133,0,-95,-91,-91,-91,-95,-97,-121,-95,-104,-108,-107,-104,-109,-102,-112,-102,-102,-89,-91,-79,-101,-91,-91,-91,-96,-98,-129,-126,-128,-119,-126,-119,-122,-98,-181,-136,-144,-91,-181,-87]} 1. e4 e5 2. Nf3 Nc6 3. d4 exd4 4. Nxd4 Nf6 5. Nxc6 bxc6 6. Bd3 d5 7. e5 Ng4 8. O-O Bc5 9. Bf4 g5 {C45: Scotch Game} (9... f6 10. e6 Bxe6 11. h3 Ne5 12. Bxe5 fxe5 13. Qh5+ Kd7 14. Qxe5 Qf6 15. Qxf6 gxf6 16. Nd2 Rab8 17. Rab1 {1-0 (38) Kuderinov,K (2482)-Makhnyov,D (2379) Almaty 2017}) 10. Bd2 {LiveBook: 5 Games} O-O 11. Nc3 Nxe5 {Black is slightly better.} 12. Qh5 $146 {[%csl Gd3][%cal Rh5h7]} ({Predecessor:} 12. Na4 Bd6 13. Qh5 Nxd3 14. cxd3 f6 15. d4 Qe8 16. Qf3 Rb8 17. b3 {0-1 (39) Carrettoni,A (2175)-Rau,J (2245) ICCF email 2015}) 12... Nxd3 13. cxd3 f6 14. Rac1 Bf5 15. Rfe1 Bxd3 16. Qh3 Bg6 17. Qe6+ Bf7 18. Qxc6 Bb6 (18... Qd6 $17 19. Qxd6 Bxd6) 19. Na4 $11 d4 20. Nxb6 cxb6 21. h4 Bd5 (21... Rc8 $11 22. Qb7 Rxc1 23. Rxc1 Bxa2) 22. Qa4 $14 gxh4 (22... Rf7 $11) 23. Qxd4 {Strongly threatening Bh6.} Bxg2 $2 {[#]} (23... Bb7 $14 24. Rc4 (24. Qg4+ Kh8 $17) 24... Qxd4 25. Rxd4 Rfd8 26. Rg4+ Kf7) 24. Qf4 $1 $18 ({And not} 24. Qg4+ Kh8 $17) 24... Bd5 {[#]} 25. Rc7 $2 (25. Kh2 $1 $16 Qb8 26. Rg1+ Kh8 27. Rc7) 25... Rf7 $11 26. Rxf7 (26. Rec1 $11) 26... Kxf7 $17 27. Kh2 {Qh6 is the strong threat.} Qb8 ({Wrong is} 27... Bxa2 $2 28. Bb4 $18 (28. Qxh4 Kg8 $16)) 28. a3 Qxf4+ 29. Bxf4 {[%mdl 4096] Endgame KRB-KRB} Rg8 30. Be3 Be6 31. Rg1 Rd8 32. Rc1 Rd7 33. Rc8 Rd1 34. Rc1 Rd7 35. Rc8 $1 Kg6 36. Rc6 Bd5 37. Rc2 Be6 38. Rc6 $1 {[%cal Rc6e6]} Bf5 39. Rc4 h3 40. Rd4 Rc7 41. Rd6 Kf7 42. Bd4 Be6 {And now ...Ke7 would win.} 43. Be3 Rc2 44. Rd2 Rc8 45. Rd1 Rg8 46. Rg1 Rd8 47. Rc1 Rd7 48. Rc6 h5 49. a4 Bd5 50. Rc1 Bg2 51. b4 Kg6 52. a5 bxa5 53. bxa5 a6 54. Bb6 h4 55. Re1 (55. Rc4 $17) 55... Rd5 56. Rc1 Kf5 (56... Rd3 $142 57. Rc4 Kh5 58. Rc5+ Bd5) 57. Re1 (57. Rc5 $17) 57... Re5 {Precision: White = 50%, Black = 44%.} (57... Kg4 $19 {and Black stays clearly on top.} 58. Rc1 f5) 1/2-1/2